LOSC Lille Squad 2025-2026 - Statistics

General Stats
  • This quiz has been taken 138 times
    25 since last reset
  • The average score is 24 of 30
Answer Stats
# Position Nation Player % Correct
2 DF Algeria Aïssa Mandi
100%
1 GK Turkey Berke Özer
100%
24 DF Indonesia Calvin Verdonk
100%
18 DF DR Congo Chancel Mbemba
100%
10 MF Iceland Hákon Arnar Haraldsson
100%
17 MF DR Congo Ngal'ayel Mukau
100%
9 FW France Olivier Giroud
100%
4 DF Brazil Alexsandro
94%
32 MF France Ayyoub Bouaddi
94%
14 FW Norway Marius Broholm
94%
7 FW Spain Matías Fernández-Pardo
94%
3 DF Belgium Nathan Ngoy
94%
12 DF Belgium Thomas Meunier
94%
16 GK Belgium Arnaud Bodart
88%
- Coach France Bruno Génésio
88%
29 FW Morocco Hamza Igamane
88%
6 MF Algeria Nabil Bentaleb
88%
22 DF Portugal Tiago Santos
88%
21 MF France Benjamin André
82%
27 FW Portugal Félix Correia
76%
8 MF France Ethan Mbappé
59%
11 FW Morocco Osame Sahraoui
59%
15 DF France Romain Perraud
59%
26 MF Portugal André Gomes
53%
28 FW France Gaëtan Perrin
53%
30 GK France Marc-Aurèle Caillard
47%
20 FW France Noah Edjouma
47%
36 DF France Ousmane Touré
47%
33 FW France Soriba Diaoune
47%
28 MF France Ugo Raghouber
29%
No matching quizzes found
Score Distribution
Percent of People with Each Score
Percentile by Number Answered
Your Score History
You have not taken this quiz since the last reset